Among the believers : (Record no. 858)

MARC details
000 -LEADER
fixed length control field 00809cam a2200265 a 4500
005 - DATE AND TIME OF LATEST TRANSACTION
control field 20260322212037.0
008 - FIXED-LENGTH DATA ELEMENTS--GENERAL INFORMATION
fixed length control field data
010 ## - LIBRARY OF CONGRESS CONTROL NUMBER
LC control number 81047503
020 ## - INTERNATIONAL STANDARD BOOK NUMBER
International Standard Book Number 0394509692 :
Terms of availability {dollar}15.00
020 ## - INTERNATIONAL STANDARD BOOK NUMBER
International Standard Book Number 9780394509693 :
Terms of availability {dollar}15.00
040 ## - CATALOGING SOURCE
Original cataloging agency DLC
Transcribing agency DLC
Modifying agency DLC
043 ## - GEOGRAPHIC AREA CODE
Geographic area code a------
050 00 - LIBRARY OF CONGRESS CALL NUMBER
Classification number BP63.A1
Item number N35 1981
082 00 - DEWEY DECIMAL CLASSIFICATION NUMBER
Classification number 297/.095
Edition information 19
092 ## - LOCALLY ASSIGNED DEWEY CALL NUMBER (OCLC)
Classification number 297.095 N35 1981
001 - CONTROL NUMBER
control field data
100 1# - MAIN ENTRY--PERSONAL NAME
Personal name Naipaul, V. S.
Dates associated with a name 1932-
Fuller form of name (Vidiadhar Surajprasad),
245 10 - TITLE STATEMENT
Title Among the believers :
Remainder of title an Islamic journey /
Statement of responsibility, etc. V. S. Naipaul.
250 ## - EDITION STATEMENT
Edition statement 1st ed.
260 ## - PUBLICATION, DISTRIBUTION, ETC.
Place of publication, distribution, etc. New York :
Name of publisher, distributor, etc. Knopf,
Date of publication, distribution, etc. 1981.
300 ## - PHYSICAL DESCRIPTION
Extent viii, 430 p. ;
Dimensions 22 cm.
600 10 - SUBJECT ADDED ENTRY--PERSONAL NAME
Personal name Naipaul, V. S.
Fuller form of name (Vidiadhar Surajprasad),
Dates associated with a name 1932-
General subdivision Travel
Geographic subdivision Islamic countries.
650 #0 - SUBJECT ADDED ENTRY--TOPICAL TERM
Topical term or geographic name entry element Islam
Geographic subdivision Asia.
651 #0 - SUBJECT ADDED ENTRY--GEOGRAPHIC NAME
Geographic name Islamic countries
General subdivision Description and travel.
Holdings
Withdrawn status Lost status Damaged status Not for loan Home library Current library Shelving location Date acquired Total checkouts Full call number Barcode Date last seen Price effective from Koha item type
        Institut Protestant de Théologie Institut Protestant de Théologie General stacks 22/03/2026   297/.095 19 BC0010883 22/03/2026 22/03/2026 Books